000 00282nam a22001337a 4500
008 171006b xxu||||| |||| 00| 0 eng d
020 _a9780631184669
041 _aeng
080 _a159.9
100 _a49
101 _aPSI
245 _aUNFANCY
_cBREMNER.J.G
942 _2udc
_cBK
999 _c32335
_d32335